[Event "GER Pfingstopen U16"]
[Site "Playchess.com INT"]
[Date "2020.06.05"]
[Round "3"]
[White "Laux, Dominik"]
[Black "Roos, Valentin"]
[Result "1-0"]
[WhiteElo "1951"]
[BlackElo "1559"]
[PlyCount "125"]
[EventDate "2020.06.05"]
[EventType "swiss (blitz)"]
[EventRounds "11"]
[EventCountry "GER"]
[SourceTitle "CBM 197 Extra"]
[Source "ChessBase"]
[SourceDate "2020.09.30"]
[SourceVersion "1"]
[SourceVersionDate "2020.09.30"]
[SourceQuality "1"]

1. d4 d5 2. Bf4 Bf5 3. c4 e6 4. Nc3 Nf6 5. e3 Nc6 6. Nf3 Be7 7. Bd3 Ne4 8. 0-0 0-0 9. Rc1 Qd7 10. Ne5 Nxe5 11. Bxe5 f6 12. Bg3 Nxc3 13. Rxc3 Bxd3 14. Qxd3 Bd6 15. cxd5 exd5 16. Bxd6 Qxd6 17. Qb5 c6 18. Qxb7 Rfb8 19. Qxc6 Qxc6 20. Rxc6 Rxb2 21. a4 Ra2 22. Ra6 Kf7 23. Rb1 Kg6 24. h3 Rc2 25. Rb7 Rc1+ 26. Kh2 Rc2 27. Kg3 h5 28. Raxa7 Rg8 29. h4 Rc6 30. Rd7 Kh6 31. Rxd5 g5 32. hxg5+ Rxg5+ 33. Rxg5 fxg5 34. a5 h4+ 35. Kh3 Rc2 36. f3 Kh5 37. Rh7+ Kg6 38. Rb7 Ra2 39. Rb6+ Kf5 40. a6 Ra3 41. Rb5+ Kg6 42. e4 Rxa6 43. Kg4 Ra4 44. Rxg5+ Kh6 45. Kxh4 Rxd4 46. Kg4 Rd1 47. g3 Rd3 48. Rf5 Rd6 49. Kf4 Kg6 50. g4 Rd2 51. g5 Rg2 52. Rf6+ Kg7 53. Kf5 Rf2 54. f4 Re2 55. e5 Rd2 56. g6 Rd5 57. Rf7+ Kg8 58. Kf6 Ra5 59. f5 Ra4 60. e6 Ra6 61. g7 Rb6 62. Rf8+ Kh7 63. Rh8# 1-0

[Event "GER Pfingstopen U12"]
[Site "Playchess.com INT"]
[Date "2020.06.02"]
[Round "1"]
[White "Berresheim, Nils"]
[Black "Roos, Valentin"]
[Result "1-0"]
[WhiteElo "1620"]
[BlackElo "1560"]
[PlyCount "41"]
[EventDate "2020.06.02"]
[EventType "swiss (blitz)"]
[EventRounds "11"]
[EventCountry "GER"]
[SourceTitle "CBM 197 Extra"]
[Source "ChessBase"]
[SourceDate "2020.09.30"]
[SourceVersion "1"]
[SourceVersionDate "2020.09.30"]
[SourceQuality "1"]

1. d4 d5 2. c4 e6 3. Nc3 Nf6 4. Bg5 Be7 5. Nf3 c6 6. e3 Qd7 7. Bd3 Qc7 8. 0-0 Nbd7 9. Rc1 b6 10. Qc2 Bb7 11. e4 dxe4 12. Nxe4 Nxe4 13. Bxe4 Bf6 14. Rfd1 h6 15. Be3 0-0 16. Qd2 Rad8 17. d5 e5 18. Bb1 cxd5 19. cxd5 Qd6 20. Qc2 Rc8 21. Qh7# 1-0